| 000 | 00929cam a2200181ua 4500 | ||
|---|---|---|---|
| 041 |
_aeng _h |
||
| 082 |
_a823.308 _bGAR/CA |
||
| 100 |
_aGardner, E S . _95953 |
||
| 110 | 1 |
_a . _b _c() _95954 |
|
| 245 |
_aCase of the calnedar girl / _cE S Gardner. _hTextual Documents |
||
| 260 |
_aLondon : _bHiggin Bothams , _c1964. |
||
| 300 | _a198 ; . | ||
| 504 | _a | ||
| 942 | _cBK | ||
| 999 |
_c38 _d38 |
||
| 003 | @ | ||
| 003 | OSt | ||